| 000 | 00924cab a22002055a 4500 | ||
|---|---|---|---|
| 001 | L156570 | ||
| 008 | 120611e2012 xxk 000 0 eng d | ||
| 035 | _a(Sirsi) u156570 | ||
| 041 | 0 | _aeng | |
| 100 | 1 | _aHatcher, David | |
| 245 | 0 | 0 |
_aMarkets _bWest London |
| 260 | _c2012 | ||
| 490 | 0 |
_aProperty Week _v78(23) 8 June 2012, 41-48(5) |
|
| 520 | _aRound-up of West London commercial property sector news: Gems Education is to redevelop 400 000 sq ft of office space in Hammersmith; developers are being called for consultation next summer on a 99 acre site around the proposed Old Oak Common mega-site station, north of Wormwood Scrubs; Benson Elliot Capital Management is to lodge plans for the redevelopment of Ealing's Arcadia Centre; and a progress report on three schemes at White City. | ||
| 590 | _aKA | ||
| 651 | 4 | _aLondon | |
| 690 |
_aCommercial property _96227 |
||
| 700 | 1 | _aBarwick, Julian | |
| 942 | _n0 | ||
| 999 |
_c84087 _d84087 |
||